| 000 | 00709nam a2200217Ia 4500 | ||
|---|---|---|---|
| 003 | OSt | ||
| 005 | 20250602145357.0 | ||
| 008 | 210716s2002 xx 000 0 und d | ||
| 020 | _a9780062325051 | ||
| 040 | _cAIMIT LIBRARY | ||
| 041 | _aeng | ||
| 082 |
_a658.4092 _21 _bTICN |
||
| 100 |
_aTichy, Noel M. _9212316 |
||
| 245 |
_aLeadership engine: _bhow winning companies build leades at every level / _cBy Noel M Tichy. |
||
| 250 | _a1st ed. | ||
| 260 |
_aNew York : _bHarper collins , _c2002. |
||
| 300 | _axxiii,452p. ; | ||
| 650 |
_aLeadership and the teachable point of view _9212317 |
||
| 650 |
_aMaking it happen getting energy out of everyone _9212318 |
||
| 942 |
_2ddc _cBK _e1st ed. _k658.4092 TICN |
||
| 999 |
_c208721 _d208721 |
||